🎶 Paroles "La différence" Lara Fabian - Statistiques

Statistiques générales
  • Ce quiz a Ă©tĂ© pris 136 fois
  • Le rĂ©sultat moyen est 188 sur 246
Statistiques - réponses
Mots % Correct
l'
100%
Ă 
99%
A
99%
d'
99%
ce
98%
différence
98%
différence ?
98%
La
98%
s'
95%
le
93%
qui
93%
Qui
93%
De
92%
un
92%
Un
92%
Une
92%
Rimbaud
90%
Comme
87%
comme
87%
Comme
87%
En
87%
en
87%
ces
86%
Et
86%
Ils
86%
ils
86%
se
86%
Celle
85%
des
85%
Des
85%
les
85%
Les
85%
Si
85%
si
85%
Verlaine
85%
dérange
83%
aiment
82%
jamais
81%
on
81%
On
81%
Sans
81%
par
80%
vous
80%
amour,
79%
amour;
79%
Elles
77%
quelle
77%
silence
77%
hommes
76%
nos
76%
saviez
76%
deux
75%
foutent
75%
font
74%
ni
74%
crier
73%
femmes
73%
Mais
73%
parler
73%
retourner
73%
confiance
71%
injures
71%
ne
71%
y
71%
Avec
70%
corps
70%
âme
69%
gens
69%
dansent
68%
état
68%
Leur
68%
préfèrent
68%
bien
67%
désaccord
67%
vrai
67%
circonstance
65%
Quand
65%
fort
64%
mentir,
64%
surtout
64%
trop
64%
murmures
63%
pense
63%
pensant
62%
peau
61%
abord
58%
cet
57%
autres
56%
dit
56%
mœurs
55%
préférence,
54%
apprivoisent
52%
différences
52%
mal
52%
du
51%
touchent
51%
enfant
50%
"normalement"
50%
Leurs
49%
reconnaissent,
44%
exceptionnelle
43%
librement
42%
tolère
42%
tue
42%
étonnera
40%
yeux
39%
parlent
38%
souvent
38%
négligence
37%
Tellement
37%
absent
36%
sang
36%
éloigneront
33%
court
32%
ressemblent,
25%
Aucun quiz correspondant
Distribution des résultats
% des personnes avec chaque résultat
Percentile par nombre de réponses
Votre historique - résultats
Vous n’avez pas pris ce quiz